| 000 | 00884nam a22002897a 4500 | ||
|---|---|---|---|
| 001 | 7146 | ||
| 003 | FISKH | ||
| 005 | 20250630092255.0 | ||
| 008 | 250630b cb ||||| |||| 00| 0 eng d | ||
| 020 | _a0439155233 | ||
| 040 |
_aFISKH _beng _cFISKH _dFISKH |
||
| 050 | _aPZ7.S1185 D | ||
| 082 | _a813.54 | ||
| 100 |
_aSachar, Louis _d(1954-) |
||
| 245 |
_aDogs don't tell jokes / _cLouis Sachar |
||
| 250 | _aThis edition first published in 2000 | ||
| 260 |
_aNew York : _bScholastic, _c1991 |
||
| 300 |
_a209 pages : _c20 cm |
||
| 505 | _aN | ||
| 520 | _aTwelve-year-old Gary, known as Goon because of his constant clowning and joke-telling, tries to change his image and make new friends at school. | ||
| 521 | 8 |
_a560
_bLexile |
|
| 521 | 8 |
_aN
_bRaz-Plus |
|
| 650 |
_2Funny _aRealistic fiction |
||
| 650 |
_2School _aComedy |
||
| 942 |
_2ddc _cBK _n0 |
||
| 999 |
_c7146 _d7146 |
||